LIBRARY & INFORMATION CENTRE, KCAET, TAVANUR

ONLINE PUBLIC ACCESS CATALOGUE (OPAC)

Winged Words / (Record no. 4985)

MARC details
000 -LEADER
fixed length control field 00254cam a2200109ua 4500
082 ## - DEWEY DECIMAL CLASSIFICATION NUMBER
Classification number 821
Item number RAJ/WI
100 ## - MAIN ENTRY--AUTHOR NAME
Personal name Rajan, Chandra .
245 ## - TITLE STATEMENT
Title Winged Words /
260 ## - PUBLICATION, DISTRIBUTION, ETC. (IMPRINT)
Place of publication Madras :
Name of publisher MacMillan and Company Limited.
300 ## - PHYSICAL DESCRIPTION
Number of Pages 126 ; .
942 ## - ADDED ENTRY ELEMENTS (KOHA)
Koha item type Books
Holdings
Withdrawn status Lost status Damaged status Home library Current library Date acquired Full call number Accession Number Koha item type
Withdrawn     KAUAET Sanskrit University 07/04/2012 821 13205 Books
Withdrawn     KAUAET Sanskrit University 07/04/2012 821 13206 Books
free website counter